Представление документа в формате MARC21

Поле Инд. ПП Название Значение
Тип записи a
Библиографический уровень m
001 Контрольный номер 6570070c-7742-4e20-a991-00b2316267c0
005 Дата корректировки 20140226161012.6
008 Кодируемые данные 010523 d
020 a ISBN 5-211-00346-2 (в пер.)
c Цена, тираж 0.95
040 a Служба первич. каталог. RU-RKP
040 a Служба первич. каталог. НБ ТвГУ
041 a Код языка текста rus
080 a Индекс УДК 537.87(075.8)
084 a Индекс другой классификации/Индекс ББК В313.2я731-1
a Индекс другой классификации/Индекс ББК В315.7я731-1
090 x Авторский знак И46
a Полочн. индекс В313.2
100 1_ a Автор Ильинский Юрий Анатольевич
245 10 a Заглавие Взаимодействие электромагнитного излучения с веществом
b Продолж. заглавия [Учеб. пособие для физ. спец. вузов]
c Ответственность Ю. А. Ильинский, Л. В. Келдыш
260 0_ a Место издания Москва
b Издательство Изд-во Моск. ун-та
c Дата издания 1989
300 a Объем 299,[2] с.
b Иллюстрации/ тип воспроизводства ил.
c Размеры 22 см
504 a Библиография Библиогр. в конце кн.
650 a Основная рубрика Электромагнитные волны
x Основная подрубрика Взаимодействие с веществом
x Основная подрубрика Учебники для вузов
653 a Ключевые слова Электромагнитные волны
a Ключевые слова Электромагнитное излучение
a Ключевые слова Учебники
700 1_ a Другие авторы Келдыш Леонид Вениаминович
e Роль лиц авт.
852 t Порядковый номер экземпляра 2
p Инвентарный номер 605781
p Инвентарный номер 605782
930 a Новая/Ретро учебники
954 a Дата поступления на обработку 20010710
999 a Подразделение 2 Фил3